000 00530nam a2200157 i 4500
001 63570
003 ES-MaACL
007 t|
008 031211s1928 sp ||||1| spa d
100 1 _aFerriere, Adolphe.
_950576
245 1 3 _aLa práctica de la escuela activa /
_cAdolfo Ferrière ; traducción, prólogo y notas de Rodolfo Tomás y Samper.
260 _aMadrid :
_bFrancisco Beltrán,
_c[1928] (
_fTorrent)
300 _a261 p. ;
_c22 cm.
700 1 _aTomás y Samper, Rodolfo.
_9110534
852 _aES-MaACL
_jE-5880
_bR.90602
999 _c63570
_d63570